00383nam a2200109Ia 45000010005000000080041000050200018000460820017000641000018000812450157000992600017002563470241024s9999 xx 000 0 und d a968-7474-00-9 a370.72/D362e aJaques Delors 0aLa Educación encierra un tesoro. Informe a la UNESCO de la Comisión Internacional sobre la Educación para el siglo XXI presidida por Jaques Delors bUNESCOc1997